Gaming Quiz

Random Gaming or Toys Quiz

Board Games by Rules Page Quiz Stats

 Plays Quiz Updated Mar 23, 2019

Score 0/20 Timer 05:00
1 Play Today
% Correct
Monopoly
99.8%
Battleship
96%
Connect 4
93%
Clue(do)
87.3%
The Game of Life
85.6%
Risk
83.9%
Scrabble
83.3%
Hungry Hungry Hippos
82.1%
Operation
79.4%
Yahtzee
78.3%
% Correct
Mouse Trap
76.8%
Candy Land
74.2%
Guess Who?
72.8%
Othello (Reversi)
59.4%
Apples to Apples
57.3%
Trouble
55.5%
The Settlers of Catan
54.8%
Ticket to Ride
48.7%
Stratego
46.5%
Scattergories
45.2%

You're not logged in!

Compare scores with friends on all Sporcle quizzes.
OR
Log In

Sporcle TV

Today on Sporcle TV


Watch our educational content, quiz creation guides, and fun videos on Sporcle TV.

Show Comments

Extras

Top Quizzes Today


Score Distribution

Your Account Isn't Verified!

In order to create a playlist on Sporcle, you need to verify the email address you used during registration. Go to your Sporcle Settings to finish the process.

Report this User

Report this user for behavior that violates our Community Guidelines.

Details: